Ngược dòng Tiểu thuyết tư liệu
Uloženo v:
| Hlavní autor: | |
|---|---|
| Další autoři: | |
| Médium: | Kniha |
| Vydáno: |
H.
Hội Nhà Văn Việt Nam
1979
|
| Témata: | |
| Tagy: |
Přidat tag
Žádné tagy, Buďte první, kdo otaguje tento záznam!
|
| Thư viện lưu trữ: | Trung tâm Học liệu Lê Vũ Hùng, Trường Đại học Đồng Tháp |
|---|
| LEADER | 00766pam a22002298a 4500 | ||
|---|---|---|---|
| 001 | 00021876 | ||
| 005 | 20171026081023.0 | ||
| 008 | 110526s1979 ||||||Viesd | ||
| 041 | 0 | # | |a Vie |
| 082 | 1 | 4 | |a 863 |b NG557D |
| 100 | 0 | # | |a Atiax, Gnigiecmô |
| 245 | 0 | 0 | |a Ngược dòng |b Tiểu thuyết tư liệu |c Gnigiecmô Atiax; Quỳnh Dung |
| 260 | # | # | |a H. |b Hội Nhà Văn Việt Nam |c 1979 |
| 300 | # | # | |a 240 tr. |c 19 cm. |
| 650 | # | 4 | |a Chi Lê |
| 650 | # | 4 | |a Văn học hiện đại |
| 653 | # | # | |a Tiểu thuyết tư liệu |
| 700 | 0 | # | |a Quỳnh Dung |e Dịch |
| 852 | # | # | |b Kho đọc |j KD.0007327 |
| 852 | # | # | |j KD.0007327 |
| 910 | 0 | # | |a kìm |d 26/05/2011 |
| 980 | # | # | |a Trung tâm Học liệu Lê Vũ Hùng, Trường Đại học Đồng Tháp |